[Event "Najdorf Memorial Open"]
[Site "Warsaw POL"]
[Date "2008.08.09"]
[Round "8"]
[White "Piorun,K"]
[Black "Vovk,Y"]
[Result "1-0"]
[WhiteElo "2445"]
[BlackElo "2549"]

1.e4 c5 2.Nf3 e6 3.d4 cxd4 4.Nxd4 Nc6 5.Nc3 Qc7 6.Be3 a6 7.Qd2 Nf6 8.O-O-O Bb4
9.f3 Ne7 10.Nb3 d5 11.e5 Nd7 12.f4 b6 13.a3 Bxc3 14.Qxc3 Qxc3 15.bxc3 Bb7
16.Kd2 Kd8 17.Be2 Kc7 18.Bf3 h5 19.Ke2 Rac8 20.Rb1 Kb8 21.Kd2 Nf5 22.Bf2 g5
23.g3 f6 24.exf6 g4 25.Bg2 d4 26.Bxb7 dxc3+ 27.Ke2 Kxb7 28.Rhd1 Kc7 29.Nd4 Rhe8
30.Rd3 Nxf6 31.Rxc3+ Kd7 32.Rxc8 Rxc8 33.Rxb6 Nd5 34.Rb7+ Kd6 35.Nxf5+ exf5
36.Kd2 Rc4 37.Rh7 Nf6 38.Rh6 Ke7 39.Kd3 Ra4 40.Bc5+ Kf7 41.Rxf6+ Kxf6 42.c4 Ra5
43.Bb4 Ra4 44.Kc3  1-0

[Event "IV RC Sport Open"]
[Site "Ceska Trebova CZE"]
[Date "2008.08.10"]
[Round "4"]
[White "Jackova,J"]
[Black "Frisk,E"]
[Result "1-0"]
[WhiteElo "2358"]
[BlackElo "2102"]

1.e4 c5 2.Nf3 e6 3.Nc3 Nc6 4.d4 cxd4 5.Nxd4 a6 6.Be3 Qc7 7.Bd3 Nf6 8.O-O Bd6
9.h3 O-O 10.a4 Nxd4 11.Bxd4 Be5 12.Bxe5 Qxe5 13.f4 Qc5+ 14.Kh1 e5 15.fxe5 Qxe5
16.Rf5 Qg3 17.e5 Ne8 18.Qe2 d6 19.Ne4 Qg6 20.Rh5 dxe5 21.Ng5 Bf5 22.Bxf5 Qxf5
23.Nxh7 Qxh7 24.Rxh7 Kxh7 25.Qxe5 Nf6 26.Ra3 Rae8 27.Qc7 b5 28.Qb7 bxa4 29.Rxa4 Rb8
30.Qe7 Kg8 31.Qa3 Rfc8 32.c3 Rc6 33.Rxa6 Rxa6 34.Qxa6 Rxb2 35.c4 Rb1+ 36.Kh2 Rc1
37.Qc8+ Kh7 38.c5 Ng8 39.Qf5+ Kh8 40.Qh5+ Nh6 41.Qd5 f6 42.c6 Ng8 43.Qd7 Kh7
44.c7  1-0

[Event "Open"]
[Site "Ptuj SLO"]
[Date "2008.08.10"]
[Round "3"]
[White "Slamar,V"]
[Black "Nikolic,Stank"]
[Result "1-0"]
[WhiteElo "2217"]
[BlackElo "2000"]

1.e4 c5 2.Nf3 e6 3.d4 cxd4 4.Nxd4 Nc6 5.Nc3 Qc7 6.g3 a6 7.Bg2 Nf6 8.Be3 Bb4
9.O-O O-O 10.Na4 b5 11.Nxc6 dxc6 12.Nc5 e5 13.h3 Nd7 14.Nd3 Be7 15.Rc1 Nb6
16.Bxb6 Qxb6 17.Nxe5 Bf6 18.Nxc6 Bxb2 19.Ne7+ Kh8 20.Rb1 Ba3 21.Nd5 Qa7 22.Qd3 Bc5
23.c4 bxc4 24.Qxc4 Be6 25.Qe2 Rad8 26.Rfd1 Rfe8 27.Qf3 h6 28.Rd2 Rb8 29.Rc1 Rec8
30.Rcd1 a5 31.Bf1 a4 32.Bd3 a3 33.Nf4 Bb4 34.Re2 Bd7 35.e5 Bc6 36.Qg4 Ba4
37.Rb1 Bf8 38.Rbe1 Bb5 39.Bxb5 Rxb5 40.Qxc8  1-0

[Event "Arctic Chess Challenge"]
[Site "Tromso NOR"]
[Date "2008.08.10"]
[Round "9"]
[White "Kvisla,J"]
[Black "Haugstad,E"]
[Result "0-1"]
[WhiteElo "2180"]
[BlackElo "2032"]

1.e4 c5 2.Nc3 Nc6 3.Nge2 e6 4.d4 cxd4 5.Nxd4 a6 6.Nxc6 bxc6 7.Bd3 d5 8.O-O Nf6
9.Re1 Qc7 10.Bg5 Be7 11.e5 Nd7 12.Bxe7 Kxe7 13.Qg4 Kf8 14.Qg3 c5 15.h4 c4
16.Bf1 f6 17.f4 f5 18.Kh1 Bb7 19.Ne2 Nc5 20.Nd4 Kf7 21.c3 Ne4 22.Qxg7+ Kxg7
23.Nxe6+ Kf7 24.Nxc7 Rac8 25.Nxa6 Bxa6 26.Kh2 Rhg8 27.Rad1 Ke6 28.Re3 Nf2  0-1

[Event "Acropolis Open"]
[Site "Athens GRE"]
[Date "2008.08.11"]
[Round "3"]
[White "Tirard,H"]
[Black "Pavlidou,E"]
[Result "1-0"]
[WhiteElo "2461"]
[BlackElo "2034"]

1.e4 c5 2.Nc3 e6 3.Nf3 Nc6 4.d4 cxd4 5.Nxd4 Nf6 6.Ndb5 d6 7.Bf4 e5 8.Bg5 a6
9.Na3 b5 10.Bxf6 gxf6 11.Nab1 f5 12.Qh5 Nd4 13.Bd3 f4 14.Ne2 Ne6 15.g3 Ng7
16.Qf3 Ne6 17.Nbc3 Ng5 18.Qh5 fxg3 19.hxg3 Rg8 20.f4 Ne6 21.Qxh7 Rg4 22.Nd5 Bg7
23.Qg8+ Nf8 24.Rh7 Be6 25.Rxg7 f5 26.Nc7+ Qxc7 27.Qxf8+ Kxf8 28.Rxc7 Re8
29.O-O-O exf4 30.exf5  1-0

[Event "FSGM August"]
[Site "Budapest HUN"]
[Date "2008.08.11"]
[Round "10"]
[White "Fogarasi,T"]
[Black "Dinger,F"]
[Result "1/2-1/2"]
[WhiteElo "2429"]
[BlackElo "2333"]

1.e4 c5 2.Nc3 Nc6 3.Nf3 e6 4.d4 cxd4 5.Nxd4 Nf6 6.a3 Qc7 7.Be2 a6 8.O-O b5
9.Nxc6 dxc6 10.f4 Bb7 11.e5 Nd5 12.Nxd5 cxd5 13.Be3 Bc5 14.Bd4 Bxd4+ 15.Qxd4 Qxc2
16.Bd3 Qc7 17.Rac1 Qe7 18.Qb6 Rc8 19.Rxc8+ Bxc8 20.Qc6+ Kd8 21.Rc1 Qa7+ 22.Rc5 Qb8
23.a4 bxa4 24.Bxa6 Bxa6 25.Qxa6 Re8 26.Rb5 Qc7 27.g3 g5 28.fxg5 Qc1+ 29.Kg2 Qc2+
30.Kh3 Qf5+ 31.Kh4 Qe4+ 32.g4 Qxe5 33.Qa5+ Ke7 34.Qb4+ Kd7 35.Kh3 Qe3+ 36.Kh4 Qf2+
37.Kh3 Qf3+  1/2-1/2

[Event "VII Open"]
[Site "Ortigueira ESP"]
[Date "2008.08.12"]
[Round "3"]
[White "Dgebuadze,A"]
[Black "Ivanov,Jo"]
[Result "1/2-1/2"]
[WhiteElo "2562"]
[BlackElo "2421"]

1.e4 c5 2.Nf3 e6 3.d4 cxd4 4.Nxd4 Nc6 5.Nc3 Qc7 6.Be3 a6 7.Qd2 Nf6 8.f3 Ne5
9.O-O-O b5 10.g4 h6 11.h4 b4 12.Nb1 d5 13.exd5  1/2-1/2

[Event "Petrovskaya Ladya IM"]
[Site "Peterhof RUS"]
[Date "2008.08.12"]
[Round "1"]
[White "Kazakov,K"]
[Black "Urjubdshzirov,E"]
[Result "1-0"]
[WhiteElo "2154"]
[BlackElo "2263"]

1.e4 c5 2.Ne2 e6 3.d4 cxd4 4.Nxd4 Nc6 5.Nc3 Qc7 6.Be2 a6 7.Nxc6 Qxc6 8.O-O b5
9.Bf3 Bb7 10.e5 Qc7 11.Bxb7 Qxb7 12.Qe2 Ne7 13.Bg5 Nf5 14.Rad1 h6 15.Bf4 Be7
16.Rd3 b4 17.Ne4 O-O 18.Rfd1 Rfd8 19.g4 Nh4 20.Bg3 Ng6 21.f4 Qb5 22.R3d2 Nf8
23.f5 Rdc8 24.Qf3 Bc5+ 25.Kg2 exf5 26.gxf5 Qc6 27.Rd5 Bb6 28.R1d2 Bc7 29.f6 Ng6
30.fxg7 Qe6 31.Nc5 Qc6 32.Nxd7 a5 33.Rf2 Qe6 34.Nc5 Qe8 35.Ne4 Qe6 36.Nc5 Qe8
37.Qe4 Ra7 38.e6 Bxg3 39.hxg3 fxe6 40.Nxe6 Rxg7 41.Rd4 Re7 42.Rf6 Nh8 43.Qg4+ Kh7
44.Nf8+ Qxf8 45.Rxf8 Rxf8 46.Rd7 Re8 47.Qe4+ Ng6 48.Qd3 Rxd7 49.Qxd7+ Re7
50.Qb5  1-0

[Event "FSGM August"]
[Site "Budapest HUN"]
[Date "2008.08.13"]
[Round "12"]
[White "Fogarasi,T"]
[Black "Genutis,M"]
[Result "1/2-1/2"]
[WhiteElo "2429"]
[BlackElo "2317"]

1.e4 c5 2.Nf3 e6 3.d4 cxd4 4.Nxd4 Nc6 5.Nc3 Qc7 6.Be3 a6 7.Bd3 Nf6 8.O-O Ne5
9.h3 Bc5 10.Qd2 d6 11.f4 Ng6 12.Qf2 O-O 13.Rae1 b5 14.e5 dxe5 15.Nxe6 Bxe3
16.Nxc7 Bxf2+ 17.Rxf2 Ra7 18.fxe5 Nxe5 19.Rxe5 Rxc7 20.a4 bxa4 21.Nxa4 Re8
22.Rfe2 Kf8 23.Rxe8+  1/2-1/2

[Event "Petrovskaya Ladya IM"]
[Site "Peterhof RUS"]
[Date "2008.08.13"]
[Round "3"]
[White "Frolochkin,V"]
[Black "Urjubdshzirov,E"]
[Result "1/2-1/2"]
[WhiteElo "2311"]
[BlackElo "2263"]

1.e4 c5 2.Nf3 e6 3.d4 cxd4 4.Nxd4 Nc6 5.Nc3 Qc7 6.g3 a6 7.Bg2 Nge7 8.a4 Nxd4
9.Qxd4 Nc6 10.Qc4 Be7 11.O-O O-O 12.Be3 Qa5 13.Rad1 d6 14.f4 Bd7 15.Qb3 Qb4
16.Qxb4 Nxb4 17.Rf2 b5 18.axb5 axb5 19.f5 e5 20.Bf1 Rfb8 21.Bc5 dxc5 22.Rxd7 Bg5
23.Kg2 c4 24.b3 Be3 25.Re2 Bd4 26.Nd5 cxb3 27.cxb3 Nxd5 28.Rxd5 Ra3 29.Rc2 Rxb3  1/2-1/2

[Event "Open A"]
[Site "Vladimir RUS"]
[Date "2008.08.13"]
[Round "2"]
[White "Demchenko,A"]
[Black "Gagarin,V"]
[Result "1/2-1/2"]
[WhiteElo "2495"]
[BlackElo "2399"]

1.e4 c5 2.Nf3 Nc6 3.Nc3 e6 4.d4 cxd4 5.Nxd4 Nf6 6.Be2 d6 7.Be3 Be7 8.g4 h6
9.h4 d5 10.exd5 Nxd5 11.Nxd5 exd5 12.h5 O-O 13.c3 Re8 14.Qd2 Nxd4 15.Qxd4 Bg5
16.Bf3 Bxe3 17.fxe3 Qg5 18.Kf2 Re5 19.Rad1 Bd7 20.Qf4 Bc6 21.Qxg5 Rxg5 22.Rd4 Re8
23.Rhd1 Ree5 24.Rf4 Kf8 25.Rdd4 Ke7 26.a4 a5 27.b4 axb4 28.Rxb4 f6 29.a5 Kd6
30.Rb6 Kc7 31.Rbb4 Re8 32.c4 Ra8 33.cxd5 Bxd5 34.Bxd5 Rxd5 35.Rfc4+ Kb8 36.Re4 Rd7
37.Rb5 Ra6 38.Kf3 Ka7 39.Kf4 Rad6 40.Reb4 Ka6 41.e4 Re7 42.Rc5 Rde6 43.Rd5  1/2-1/2

[Event "Acropolis Open"]
[Site "Athens GRE"]
[Date "2008.08.14"]
[Round "6"]
[White "Dembo,Y"]
[Black "Secer,A"]
[Result "1/2-1/2"]
[WhiteElo "2431"]
[BlackElo "2320"]

1.e4 c5 2.Nf3 e6 3.Nc3 Nc6 4.d4 cxd4 5.Nxd4 Nf6 6.Nxc6 bxc6 7.e5 Nd5 8.Ne4 Qc7
9.f4 Qb6 10.Bd3 Ba6 11.Qe2 Bxd3 12.Qxd3 f5 13.Nf2 Bc5 14.O-O Be3 15.g3 Bxc1
16.Rfxc1 g5 17.c4 Nb4 18.Qf3 gxf4 19.gxf4 Na6 20.Rc2 Nc5 21.Qe3 Rg8+ 22.Kh1 O-O-O
23.Rcc1  1/2-1/2

[Event "WCh-Junior Girls"]
[Site "Gaziantep TUR"]
[Date "2008.08.14"]
[Round "12"]
[White "Padmini,R"]
[Black "Shamima,A"]
[Result "1-0"]
[WhiteElo "2257"]
[BlackElo "2099"]

1.e4 c5 2.Nf3 Nc6 3.d4 cxd4 4.Nxd4 e6 5.Nc3 Qc7 6.Be2 Nf6 7.Be3 a6 8.O-O Bb4
9.Na4 Be7 10.Nxc6 bxc6 11.Nb6 Rb8 12.Nxc8 Qxc8 13.Bd4 c5 14.Be5 Rb6 15.Qd3 d6
16.Bc3 d5 17.exd5 exd5 18.b3 O-O 19.Rad1 d4 20.Ba5 Rd6 21.Bf3 Re8 22.c4 Qb8
23.b4 Nd7 24.Bd5 Rh6 25.h3 Ne5 26.Qb3 cxb4 27.Rxd4 Bc5 28.Re4 Rf6 29.Kh1 Re7
30.a3 Qc8 31.Bxb4 Rf3 32.Re3 Bxe3 33.Bxf3 Nxf3 34.Bxe7 Nd2 35.Qxe3 Nxf1 36.Qd3 Qc7
37.Bd6 Qb6 38.c5 Qb2 39.Qxf1  1-0

[Event "WCh-Junior Girls"]
[Site "Gaziantep TUR"]
[Date "2008.08.14"]
[Round "12"]
[White "Preethi,R"]
[Black "Misovic,S"]
[Result "0-1"]
[WhiteElo "2183"]
[BlackElo "1914"]

1.e4 c5 2.Nf3 e6 3.d4 cxd4 4.Nxd4 Nc6 5.Nc3 Qc7 6.Be3 a6 7.Bd3 Nf6 8.O-O Ne5
9.Bf4 Bd6 10.Bg3 b5 11.Be2 Qb6 12.Kh1 Ng6 13.f4 Bxf4 14.Bxf4 Nxf4 15.Rxf4 e5
16.Rxf6 Qxf6 17.Nd5 Qd8 18.Nf5 O-O 19.Nde7+ Kh8 20.Qd5 Ra7 21.Qxe5 f6 22.Qd4 Rc7
23.Bd3 d6 24.Nxc8 Qxc8 25.Qxd6 Rd8 26.Qg3 g6 27.Nd6 Qd7 28.e5 fxe5 29.Qxe5+ Kg8
30.Ne4 Qe7 31.Nf6+ Kf8 32.Qf4 Kg7 33.Rf1 Rf8 34.Qd4 Rxf6 35.g4 Rd7 36.Qc3 b4
37.Qxf6+ Qxf6 38.Rxf6 Kxf6 39.Bxa6 Rd1+ 40.Kg2 Rd2+ 41.Kg3 Rxc2 42.b3 Rxa2
43.Bc4 g5 44.h4 h6 45.h5 Ke5 46.Kf3 Kd4 47.Bg8 Rb2 48.Be6 Kc3 49.Ke4 Re2+
50.Kf5 Rxe6 51.Kxe6 Kxb3 52.Kf6 Kc2 53.Kg6 b3 54.Kxh6 b2 55.Kxg5 b1=Q 56.Kg6 Kc3+
57.Kg7 Qg1 58.h6 Qxg4+ 59.Kf7 Qh5+ 60.Kg7 Qg5+ 61.Kh7 Kd4  0-1

[Event "BDO Premier"]
[Site "Haarlem NED"]
[Date "2008.08.14"]
[Round "6"]
[White "Kuipers,S"]
[Black "Peng Zhaoqin"]
[Result "1/2-1/2"]
[WhiteElo "2321"]
[BlackElo "2462"]

1.e4 c5 2.Nf3 e6 3.d4 cxd4 4.Nxd4 Nc6 5.Nc3 Qc7 6.Be3 a6 7.Qd2 Nf6 8.O-O-O Bb4
9.f3 Ne5 10.Nb3 b5 11.Qd4 Be7 12.Qb6 Qxb6 13.Bxb6 d6 14.a3 O-O 15.Be2 Bd7
16.g4 Rfc8 17.Na5 Be8 18.Be3 Rab8 19.Ba7 Ra8 20.Be3 Rab8 21.Ba7  1/2-1/2

[Event "VII Open"]
[Site "Ortigueira ESP"]
[Date "2008.08.14"]
[Round "5"]
[White "Dgebuadze,A"]
[Black "Dimitrov,Vl"]
[Result "1-0"]
[WhiteElo "2562"]
[BlackElo "2450"]

1.e4 c5 2.Nf3 e6 3.d4 cxd4 4.Nxd4 Nc6 5.Nc3 Qc7 6.Be3 a6 7.Bd3 Nf6 8.O-O Ne5
9.h3 Bc5 10.Kh1 d6 11.f4 Ng6 12.Qe1 Bd7 13.Nb3 Bxe3 14.Qxe3 O-O 15.Rae1 Bc6
16.Nd4 e5 17.fxe5 dxe5 18.Nf5 Nf4 19.Ne2 Nxe2 20.Rxe2 Ne8 21.Qc5 g6 22.Nh6+ Kg7
23.Ng4 f6 24.Ref2 Bxe4 25.Qxc7+ Nxc7 26.Bxe4 f5 27.Bxf5 Rxf5 28.Rxf5 gxf5
29.Rxf5 e4 30.Re5 Re8 31.Rxe8 Nxe8 32.Kg1 h5 33.Ne3 Kf6 34.Kf2 Ke5 35.g3 b5
36.Ng2 Nd6 37.Nf4  1-0

[Event "Acropolis Open"]
[Site "Athens GRE"]
[Date "2008.08.15"]
[Round "7"]
[White "Parligras,M"]
[Black "Salgado Lopez,I"]
[Result "1/2-1/2"]
[WhiteElo "2588"]
[BlackElo "2532"]

1.e4 c5 2.Nf3 e6 3.d4 cxd4 4.Nxd4 Nc6 5.Nc3 Qc7 6.Be3 a6 7.Qd2 Nf6 8.O-O-O Bb4
9.f3 O-O 10.g4 b5 11.g5 Ne8 12.h4 Ne5 13.Be2 Bb7 14.Kb1 Rc8 15.Nb3 Nd6 16.Bf2 Ndc4
17.Bxc4 Qxc4 18.Qe3 Qc7 19.Be1 Be7 20.Bg3 d6 21.Nd4 Nc4 22.Qd3 Ne5 23.Qd2 Nc4
24.Qd3 Ne5 25.Qd2  1/2-1/2

[Event "ch-Euro Seniors"]
[Site "Davos SUI"]
[Date "2008.08.15"]
[Round "7"]
[White "Fatalibekova,E"]
[Black "Butnorius,A"]
[Result "0-1"]
[WhiteElo "2259"]
[BlackElo "2442"]

1.e4 c5 2.Nf3 e6 3.d4 cxd4 4.Nxd4 Nc6 5.Nc3 a6 6.Nxc6 bxc6 7.Bd3 d5 8.O-O Nf6
9.e5 Nd7 10.Re1 Rb8 11.Na4 Qc7 12.Qe2 a5 13.b3 Be7 14.Bb2 c5 15.c4 d4 16.f4 g6
17.Rad1 Bb7 18.Be4 Bxe4 19.Qxe4 Qb7 20.Bc1 Qxe4 21.Rxe4 Nb6 22.Nxb6 Rxb6
23.Bd2 a4 24.Ba5 Rb7 25.Rd3 Kd7 26.Re2 Ra8 27.Be1 axb3 28.axb3 Ra3 29.Rb2 h5
30.Kf1 Bd8 31.Ke2 Ba5 32.Bxa5 Rxa5 33.Kd2 Ra1 34.Kc2 Rf1 35.g3 h4 36.Rd1 Rxd1
37.Kxd1 hxg3 38.hxg3 Rb8 39.Ke2 Kc6 40.Kd3 Ra8 41.Ke2 Ra7 42.Kf2 Kb6 43.g4 Ra3
44.b4 Ra7 45.Kf3 cxb4 46.Rxb4+ Kc5 47.Rb8 Ra3+ 48.Kf2 Kxc4 49.Rb7 Kd5 50.Rxf7 Ke4
51.f5 gxf5 52.gxf5 Rf3+  0-1

[Event "83rd ch-FRA w"]
[Site "Pau FRA"]
[Date "2008.08.15"]
[Round "5"]
[White "Milliet,S"]
[Black "Collas,S"]
[Result "1-0"]
[WhiteElo "2357"]
[BlackElo "2370"]

1.e4 c5 2.Nf3 Nc6 3.Nc3 e6 4.d4 cxd4 5.Nxd4 Qc7 6.Be2 a6 7.O-O Nf6 8.Kh1 Nxd4
9.Qxd4 Bc5 10.Qd3 b5 11.f4 Bb7 12.Bf3 h5 13.e5 Ng4 14.Bxb7 Qxb7 15.Ne4 Rc8
16.a4 b4 17.c4 Be7 18.b3 f5 19.exf6 gxf6 20.Bb2 Rg8 21.Qf3 Qc6 22.f5 e5 23.Rad1 Kf7
24.Rd5 Rg7 25.Rfd1 Rh8 26.Nc5 Kg8 27.Ne4 Bf8 28.R1d2 Rhh7 29.Kg1 Nh6 30.Rd6 Bxd6
31.Rxd6 Qc7 32.Nxf6+ Kh8 33.Qd5 Nf7 34.Qa8+ Nd8 35.Bxe5 Rh6 36.Rxd7  1-0

[Event "Open"]
[Site "Ptuj SLO"]
[Date "2008.08.15"]
[Round "8"]
[White "Roskar,R"]
[Black "Nikolic,Stank"]
[Result "1-0"]
[WhiteElo "2280"]
[BlackElo "2000"]

1.e4 c5 2.Nf3 e6 3.d4 cxd4 4.Nxd4 Nc6 5.Nc3 Qc7 6.Be3 a6 7.Qd2 Nf6 8.f3 Bb4
9.a3 Be7 10.g4 d6 11.g5 Nd7 12.f4 Nxd4 13.Bxd4 e5 14.Nd5 Qb8 15.Be3 exf4
16.Bxf4 Ne5 17.O-O-O b5 18.Nxe7 Kxe7 19.Qb4 f6 20.gxf6+ gxf6 21.Rg1 Rf8 22.Bxe5 fxe5
23.Rg7+ Rf7 24.Rxf7+ Kxf7 25.Rxd6 Be6 26.Qd2 Ke7 27.Rd3 Qg8 28.Qb4+ Ke8 29.Qd6 Rc8
30.Qxe5 Qf7 31.Bh3 Rc6 32.Qh8+  1-0

[Event "Open"]
[Site "Ptuj SLO"]
[Date "2008.08.16"]
[Round "9"]
[White "Gantar,J"]
[Black "Premuzic,Z"]
[Result "0-1"]
[WhiteElo "1958"]
[BlackElo "2010"]

1.e4 c5 2.Nf3 e6 3.d4 cxd4 4.Nxd4 Nc6 5.Nc3 Qc7 6.g3 a6 7.Bg2 Nf6 8.O-O d6
9.Nxc6 bxc6 10.f4 Bb7 11.g4 Be7 12.Kh1 O-O 13.g5 Nd7 14.f5 c5 15.f6 gxf6
16.gxf6 Nxf6 17.Bg5 Qd8 18.Qf3 Kg7 19.Rf2 Nd7 20.Bd2 Kh8 21.Bh6 Ne5 22.Qh5 Rg8
23.Raf1 Rg6 24.Bf4 Ng4 25.Rd2 e5 26.Bg3 Qg8 27.Rd3 Nf6 28.Qf5 Bc8 29.Qf2 Be6
30.Nd5 Bxd5 31.exd5 Rf8 32.Rb3 Ng4 33.Qe2 f5 34.Rb7 Bg5 35.Rxf5 Rxf5 36.Qxg4 Rf7
37.Rxf7 Qxf7 38.Qc8+ Kg7 39.Qxa6 Qf5 40.Qe2 Bf4 41.Be4 Qg4 42.Qxg4 Rxg4 43.Bf3 Rg6
44.Bxf4 exf4 45.a4 Kf6 46.c3 Rg7 47.b3 Rb7 48.Bd1 Ke5  0-1

[Event "Open"]
[Site "Stare Mesto CZE"]
[Date "2008.08.16"]
[Round "10"]
[White "Balazec,L"]
[Black "Konstacky,M"]
[Result "0-1"]
[WhiteElo "2047"]
[BlackElo "2127"]

1.e4 c5 2.Nc3 e6 3.Nge2 Nc6 4.d4 cxd4 5.Nxd4 a6 6.Be2 Bc5 7.Nb3 Ba7 8.O-O Nge7
9.Bf4 O-O 10.Bd3 d6 11.Qh5 Ng6 12.Bg3 f5 13.exf5 exf5 14.Rad1 Nce5 15.Bxe5 Nxe5
16.Nd5 b5 17.Rfe1 g6 18.Qe2 Bb7 19.c4 Rc8 20.Rc1 bxc4 21.Bxc4 Rxc4 22.Ne7+ Kh8
23.Rxc4 Qxe7 24.Rb4 f4 25.Qd2 Qg5 26.Rxb7 Nf3+ 27.Kh1 Nxd2 28.Ree7 Qh4  0-1

[Event "Acropolis Open"]
[Site "Athens GRE"]
[Date "2008.08.17"]
[Round "9"]
[White "Melia,S"]
[Black "Mastrovasilis,D"]
[Result "0-1"]
[WhiteElo "2416"]
[BlackElo "2563"]

1.e4 c5 2.Nf3 e6 3.d4 cxd4 4.Nxd4 Nc6 5.Nc3 Qc7 6.Be2 a6 7.Be3 Nf6 8.O-O Bb4
9.Na4 O-O 10.Nxc6 bxc6 11.Nb6 Rb8 12.Nxc8 Rfxc8 13.Bxa6 Rf8 14.Bd3 Bd6 15.Kh1 Be5
16.Rb1 Bxb2 17.Bg5 Bd4 18.Rxb8 Rxb8 19.f4 h6 20.Bxf6 Bxf6 21.e5 Be7 22.Bc4 Rb4
23.Bb3 g6 24.c3 Rb7 25.Qd2 Kg7 26.Rd1 Qa5 27.Qd4 Qa6 28.Qe4 Qa7 29.g4 Qf2
30.f5 Bg5 31.fxg6 Bf4 32.Qg2 Qxg2+ 33.Kxg2 Kxg6 34.h3 Bxe5 35.c4 f6 36.Bc2+ Kf7
37.Bb3 Ke7 38.Kf3 Rb4 39.Ke4 Rb8 40.Rd2 Bd6 41.Kd4 Bb4 42.Re2 Rg8 43.a4 h5
44.Re4 hxg4 45.hxg4 Rh8 46.Re3 Rh1 47.Ke4 Rg1 48.Kf3 Bd6 49.Ke2 Rxg4 50.Rh3 Bb4
51.Kd3 Kd6 52.Bd1 Rg1 53.Kc2 f5 54.Rh7 Rg3 55.Bh5 Rc3+ 56.Kb2 Rh3 57.Bg6 Rxh7
58.Bxh7 Ke7 59.Bg6 d5 60.Kb3 Ba5  0-1

[Event "ch-Euro Seniors"]
[Site "Davos SUI"]
[Date "2008.08.17"]
[Round "9"]
[White "Klundt,K"]
[Black "Onoprienko,V"]
[Result "1/2-1/2"]
[WhiteElo "2361"]
[BlackElo "2309"]

1.e4 c5 2.Nf3 e6 3.d4 cxd4 4.Nxd4 Nc6 5.Nc3 Qc7 6.Be3 a6 7.Bd3 Nf6 8.O-O h5
9.h3 b5 10.Qe2 Bb7 11.Nb3 Ne5 12.f4 Nc4 13.Bd4 Be7 14.a4 b4 15.e5 Nd5 16.Ne4 Na5
17.Nxa5 Qxa5 18.f5 O-O-O 19.c4 bxc3 20.bxc3 f6 21.Rab1 fxe5 22.Qb2 Nb4 23.cxb4 Qd5
24.Bxe5 d6 25.Bxg7 Qxd3 26.f6 Bf8 27.Rfc1+ Kb8 28.Nc5 Qe3+ 29.Qf2 Qxf2+ 30.Kxf2 Bxg7
31.fxg7 Rhe8 32.b5 a5 33.Nxb7 Kxb7 34.Rc6 Rd7 35.Rd1 Rxg7 36.Rcxd6 Rf8+ 37.Kg1 Rf4
38.R1d4 Rxd4 39.Rxd4 Rg3 40.Rd7+ Kb8 41.Rh7 Ra3 42.Rxh5 Rxa4 43.Re5 Rb4 44.g4 a4
45.Rxe6 Rxb5 46.Ra6 Rb4 47.Kg2 Kb7 48.Ra5 Kb6 49.Ra8 Kb7 50.Ra5 Kb6 51.Ra8  1/2-1/2

[Event "35th Open"]
[Site "Manresa ESP"]
[Date "2008.08.17"]
[Round "6"]
[White "Babaev,Ra"]
[Black "Vehi Bach,V"]
[Result "1-0"]
[WhiteElo "2484"]
[BlackElo "2411"]

1.e4 c5 2.Nf3 e6 3.d4 cxd4 4.Nxd4 Nc6 5.Nc3 Qc7 6.Be2 a6 7.O-O Nf6 8.Be3 Be7
9.f4 d6 10.a4 O-O 11.Kh1 Re8 12.Bf3 Na5 13.Bf2 Bf8 14.Qe1 e5 15.Nde2 d5 16.fxe5 dxe4
17.Nxe4 Nxe4 18.Bxe4 Qxe5 19.Nc3 Bb4 20.Bg3 Bxc3 21.Bxe5 Bxe1 22.Raxe1 Rxe5
23.Bxh7+ Kxh7 24.Rxe5 Nc6 25.Re8 f6 26.Rf4 b5 27.Rh4+ Kg6 28.Rhh8 Na7 29.a5 b4
30.h4 Rb8 31.h5+ Kf5 32.Re7 Rb7 33.Rxb7 Bxb7 34.Rh7  1-0

[Event "Petrovskaya Ladya GM1"]
[Site "Peterhof RUS"]
[Date "2008.08.17"]
[Round "8"]
[White "Gorovykh,E"]
[Black "Volodin,Alek"]
[Result "0-1"]
[WhiteElo "2380"]
[BlackElo "2397"]

1.e4 c5 2.Nf3 e6 3.d4 cxd4 4.Nxd4 Nc6 5.Nc3 Qc7 6.Be2 Nf6 7.O-O Nxd4 8.Qxd4 Bc5
9.Qd3 O-O 10.Kh1 b6 11.Bg5 Bb7 12.a3 Qd6 13.Qf3 Bd4 14.Rad1 Qc5 15.Bxf6 Bxf6
16.Rxd7 Bxc3 17.Rxb7 Bxb2 18.Rd1 Qxa3 19.Qxa3 Bxa3 20.Ra1 Bc5 21.Raxa7 Rxa7
22.Rxa7 Bxf2 23.Bb5 Rd8 24.Rd7 Ra8 25.g3 g6 26.Kg2 Bc5 27.Bc4 Ra4 28.Bd3 Kg7
29.Kf3 Kf6 30.Rb7 Ra1 31.Bb5 Re1 32.Be8 Rf1+ 33.Kg4 Kg7 34.Kh3 Rf2 35.Bd7 Kf8
36.Rb8+ Ke7 37.Bb5 Kf6 38.Rb7 Kg5 39.Bd3 Rd2 40.Bf1 Kf6 41.e5+ Kg7 42.Bc4 Bg1
43.Bxe6 Rxh2+ 44.Kg4 Rf2 45.Bb3 h5+ 46.Kg5 Rf5+ 47.Kh4 Rf2 48.Kg5 Rf1 49.g4 Be3+
50.Kh4 g5+ 51.Kh3 Rf3+ 52.Kg2 Rf2+ 53.Kh1 Rf1+ 54.Kg2 Rf2+ 55.Kh1 Kg6 56.gxh5+ Kxh5
57.Rxf7 Re2 58.e6 Bc5 59.Bd5 Rxc2 60.Bf3+ Kh4 61.e7 Kg3 62.Bd1 Rh2+  0-1

[Event "Petrovskaya Ladya IM"]
[Site "Peterhof RUS"]
[Date "2008.08.17"]
[Round "9"]
[White "Frolochkin,V"]
[Black "Kaliberda,V"]
[Result "1/2-1/2"]
[WhiteElo "2311"]
[BlackElo "2328"]

1.e4 c5 2.Nf3 e6 3.d4 cxd4 4.Nxd4 Nc6 5.Nc3 Qc7 6.g3 a6 7.Bg2 d6 8.O-O Be7
9.Re1 Bd7 10.Nxc6 bxc6 11.Na4 e5 12.c4 c5 13.Nc3 Nf6 14.f4 O-O 15.f5 Bc6
16.Qf3 h6 17.h4 Rfb8 18.g4 Nh7 19.Qg3 Qd8 20.g5 hxg5 21.h5 Bf6 22.Bf3 Kf8
23.Bd1 Rb4 24.b3 Rab8 25.Bc2 R4b7 26.Be3 Rd7 27.Rad1 Qa5 28.Bc1 Ke7 29.a3 Rh8
30.Re2 Kd8 31.Nb1 Be7 32.Kf1 Kc8 33.Bd2 Qb6 34.Nc3 Nf6 35.Rh2 g4 36.Bg5 Qa5
37.Bxf6 Bxf6 38.Nb1 Bg5 39.Qxg4 f6 40.Rd3 Bc1 41.Bd1 Bf4 42.Re2 Kc7 43.Rh3 Bh6
44.Rg2 Bf4 45.Qf3 Rh7 46.Ke2 Rd8 47.Kd3 Rdh8 48.Rg1 Bg5 49.Kc2 Be8 50.Rgh1 Kd7
51.Qd3 Bf7 52.Bg4 Ke7 53.Kb2 Rb8 54.Nc3 Rhh8  1/2-1/2

[Event "5th DA Tan Malaysian Open"]
[Site "Kuala Lumpur MAS"]
[Date "2008.08.18"]
[Round "1"]
[White "Schon,E"]
[Black "Nadanian,A"]
[Result "0-1"]
[WhiteElo "2042"]
[BlackElo "2436"]

1.e4 c5 2.Nf3 e6 3.d4 cxd4 4.Nxd4 Nc6 5.Nc3 d6 6.Be3 Nf6 7.f3 d5 8.Bb5 Bd7
9.exd5 exd5 10.O-O Be7 11.Qd2 O-O 12.Rae1 Re8 13.Kh1 a6 14.Bd3 Bf8 15.Nce2 Ne5
16.c3 Qa5 17.a3 h6 18.Ng3 Nc4 19.Bxc4 dxc4 20.Bf2 Qd5 21.Qc2 b5 22.Ndf5 g6
23.Bd4 Qc6 24.Ne3 Rad8 25.Qf2 h5 26.Ne4 Nh7 27.Qh4 Be7 28.Qf4 Bc8 29.Qe5 f6
30.Qg3 Kf7 31.Qf2 Bf8 32.Re2 a5 33.Nc2 f5 34.Ng3 Rxe2 35.Nxe2 Re8 36.Re1 Bb7
37.Nf4 Bd6 38.Rxe8 Qxe8 39.Ne2 Qd7 40.Qe3 f4 41.Qd2 Qc7 42.Kg1 Ng5 43.Kf2 Ne6
44.g3 Ng5 45.Nxf4 Nxf3 46.Qe3 Qd7 47.h3 Qf5 48.Ne1 Nxd4  0-1

[Event "5th DA Tan Malaysian Open"]
[Site "Kuala Lumpur MAS"]
[Date "2008.08.18"]
[Round "2"]
[White "Sukandar,I"]
[Black "Bitoon,R"]
[Result "1-0"]
[WhiteElo "2262"]
[BlackElo "2439"]

1.e4 c5 2.Nf3 e6 3.d4 cxd4 4.Nxd4 Nc6 5.Nc3 Qc7 6.Be2 a6 7.O-O Nf6 8.Be3 Be7
9.f4 d6 10.Kh1 O-O 11.Qe1 Nd7 12.Rd1 Nxd4 13.Bxd4 b5 14.Bf3 b4 15.Qg3 g6
16.e5 dxe5 17.Bxa8 exd4 18.Ne2 Qxc2 19.Nxd4 Qxb2 20.f5 Nf6 21.Qc7 Bd7 22.fxe6 fxe6
23.Bc6 Rc8 24.Qb7 Rd8 25.Nxe6 Qe5 26.Bxd7 Rxd7 27.Rxd7  1-0

[Event "Petrovskaya Ladya GM1"]
[Site "Peterhof RUS"]
[Date "2008.08.18"]
[Round "10"]
[White "Gorovykh,E"]
[Black "Matlakov,M"]
[Result "1/2-1/2"]
[WhiteElo "2380"]
[BlackElo "2484"]

1.e4 c5 2.Nf3 e6 3.d4 cxd4 4.Nxd4 Nc6 5.Nc3 Qc7 6.Be2 Nf6 7.O-O a6 8.Be3 Be7
9.f4 d6 10.Kh1 O-O 11.a4 Re8 12.Bf3 Bf8 13.g4 Nxd4 14.Bxd4  1/2-1/2

[Event "Petrovskaya Ladya IM"]
[Site "Peterhof RUS"]
[Date "2008.08.18"]
[Round "10"]
[White "Kaliberda,V"]
[Black "Urjubdshzirov,E"]
[Result "1-0"]
[WhiteElo "2328"]
[BlackElo "2263"]

1.e4 c5 2.Nf3 e6 3.d4 cxd4 4.Nxd4 Nc6 5.Nc3 Qc7 6.Be3 a6 7.Qd2 Nf6 8.O-O-O Bb4
9.f3 Ne5 10.Nb3 b5 11.Bd4 Be7 12.Qg5 Ng6 13.Qe3 d6 14.g4 Rb8 15.Qg1 e5 16.Ba7 Rb7
17.Be3 Be6 18.g5 Nd7 19.h4 Nf4 20.Bxf4 exf4 21.Ne2 Nc5 22.Kb1 Nxb3 23.axb3 a5
24.Nxf4 a4 25.Nxe6 fxe6 26.Qg4 axb3 27.cxb3 O-O 28.Qxe6+ Kh8 29.Rd3 b4 30.Rd5 Ra8
31.Bc4 Rbb8 32.Rhd1 Qa7 33.f4 Rc8 34.R5d4 d5 35.Qxd5 Bc5 36.R4d3 Qa5 37.h5 Qa2+
38.Kc2 Qa7 39.h6 Bb6 40.Qe5  1-0

[Event "23rd Open"]
[Site "Schwarzach AUT"]
[Date "2008.08.18"]
[Round "3"]
[White "Stephan,Ax"]
[Black "Hager,J"]
[Result "1/2-1/2"]
[WhiteElo "2268"]
[BlackElo "2128"]

1.e4 c5 2.Nc3 Nc6 3.Nge2 e6 4.d4 cxd4 5.Nxd4 Qc7 6.Be3 a6 7.Qd2 Nf6 8.f3 Ne5
9.g4 h6 10.h4 b5 11.Rg1 Rb8 12.g5 hxg5 13.hxg5 Nh5 14.f4 Nc4 15.Bxc4 bxc4
16.Nd1 Rxb2 17.Nxb2 c3 18.Qc1 Ba3 19.Rb1 Bb7 20.Qd1 cxb2 21.Qf3 Qc3+ 22.Kf2 Bc5
23.Ne2 Qxc2 24.Bxc5 Qxc5+ 25.Qe3 Nf6 26.gxf6 Rh2+ 27.Kf3 Bxe4+ 28.Qxe4 Qf2+
29.Kg4  1/2-1/2